00929 a2200265 4500001000700000020001800007041000800025090001500033092001500048100002200063250002900085300001100114697005400125697005000179697002000229697007800249697005000327856002400377040002500401245003600426260005200462942000700514952012300521999001900644106685 a9780545741668 apor aYear 4 741 a2014957906 aHolm, Jennifer L. a1st ed., September 2015. a216 p. aFamily life - Comic books, strips, etc - Fiction. aFlorida - Comic books, strips, etc - Fiction. aGraphic novels. aGrandparent-grandchild relationship - Comic books, strips, etc - Fiction. aSecrecy - Comic books, strips, etc - Fiction. u00000f/00000fc2.jpg aBR-BrIDEAcBR-BrIDEA10aSunny side upc Jennifer L Holm a[S.l.]bGraphix, an imprint of Scholasticc2015 cBK 00102ddc4070a12.28b12.28d2017-03-31l2oYear 4 741p00029419SSWr2024-04-29 15:44:53s2024-04-25w2024-01-23yBK c106685d106685